Ricostruisci la Carriera del Calciatore - Vincenzo Grifo - Statistics

Statistiche generali
  • Questo quiz è stato fatto 4 volte
  • Il punteggio medio è 5 su 10
Statistiche sulle risposte
Hint Risposta % Corretto
2014 Dinamo Dresda
100%
2019 Friburgo
67%
2019- Friburgo
67%
2014-2015 FSV Francoforte
67%
2012-2013 Hoffenheim
67%
2012-2014 Hoffenheim II
67%
2017-2018 Borussia M'gladbach
33%
2015-2017 Friburgo
0%
2018-2019 Hoffenheim
0%
2019 Hoffenheim
0%
Nessun quiz corrispondente trovato
Distribuzione punteggi
Percentuale di utenti per punteggio
Percentile per numero di risposta
I tuoi punteggi nel tempo
Non hai fatto questo quiz